Largest Cities in Europe Beginning with S on a Map - Statistics

General Stats
  • This quiz has been taken 201 times
    168 since last reset
  • The average score is 11 of 14
Answers on the Map
Answers color-coded by a green-red scale on the quiz's map according to % correct below.
 
Answer Stats
Answer % Correct
Saint Petersburg
97%
Stockholm
96%
Sofia
93%
Sevilla
91%
Stuttgart
90%
Skopje
88%
Sheffield
85%
Southampton
85%
Strasbourg
83%
Swansea
77%
Split
76%
Saarbrücken
55%
Stoke-on-Trent
55%
Samara
51%
No matching quizzes found
Score Distribution
Percent of People with Each Score
Percentile by Number Answered
Your Score History
You have not taken this quiz since the last reset